Normal view
MARC view
- الرياضيات - الالعاب التعليمية - طرق التدريس - الاردن
Entry Topical Term
001 - CONTROL NUMBER
- control field: 57660
003 - CONTROL NUMBER IDENTIFIER
- control field: JO-AjAnu
005 - DATE AND TIME OF LATEST TRANSACTION
- control field: 20230606083436.0
008 - FIXED-LENGTH DATA ELEMENTS
- fixed length control field: 230606|| aca||aabn | a|a d
040 ## - CATALOGING SOURCE
- Original cataloging agency: JO-AjAnu
- Transcribing agency: JO-AjAnu
150 ## - HEADING--TOPICAL TERM
- Topical term or geographic name entry element: الرياضيات - الالعاب التعليمية - طرق التدريس - الاردن
670 ## - SOURCE DATA FOUND
- Source citation: Work cat.: (JO-AjAnu)29420: اعداد النمر، خديجة نمر محمد؛ اشراف احمد محمد الدويري, author 57659, اثر اسنخدام استراتيجية مدعمة بالالعاب الالكترونية على تحصيل طلبة الصف الخامس الاساسي وخفض القلق الرياضي لديهم في الاردن= The Effect of using a strategy supported by electronic games on the achievement of the fifth grade students and decreasing their mathematical anxiety in jordon